Diseño hidrosanitario para el complejo industrial del beneficio de café (Matagalpa Coffee Group)

En el presente estudio se pretende diseñar un sistema hidrosanitario, y contra incendio de la nave industrial del complejo, donde se desarrollaron los diseños de sistema de agua potable, aguas residuales, aguas pluviales y sistemas contra incendio el cual se basa en el diseño de los sistemas roci...

Full description

Bibliographic Details
Main Authors: Videa García, Gerson Joel, Castillo Palacios, Lester Dolores
Other Authors: Tutor: Baltodano, Jodé Ángel
Format: Tesis Section = Libro
Language:Undetermined
Spanish
Published: Managua UNI 2020
Subjects:
LEADER 01740nam a2200277Ia 4500
008 240830s9999 xx 000 0 und d
040 |a BIBLIOTECA-RUPAP Mon 696.1 V652 
041 |a spa 
082 |a Mon 696.1 V652 
100 1 |a Videa García, Gerson Joel 
100 1 |b Castillo Palacios, Lester Dolores 
245 1 0 |a Diseño hidrosanitario para el complejo industrial del beneficio de café (Matagalpa Coffee Group) 
260 |a Managua  |b UNI  |c 2020 
300 |a 113 p. :il. 
500 |a Contiene anexos y CD. 
502 |a Tesis (Ingeniero Civil)- UNI, 2020. 
520 3 |a En el presente estudio se pretende diseñar un sistema hidrosanitario, y contra incendio de la nave industrial del complejo, donde se desarrollaron los diseños de sistema de agua potable, aguas residuales, aguas pluviales y sistemas contra incendio el cual se basa en el diseño de los sistemas rociadores automáticos, sistemas de gabinetes contra incendios, sistema hidratantes, sistemas de presiones y tanque de almacenamiento, se determinó las pendientes necesarias que deberá poseer el sistema y según los requerimientos en cuanto a presiones y caudales se determinó la capacidad que deberá poseer el equipo de presiones que abastecerá todo el sistema con la ayuda de programas civil 3d y AutoCAD se determinaron las pendientes naturales del terreno las cuales fueron usadas para dimensionar con la pendiente del sistema. 
650 7 |a HIDORSANITARIOS- DISEÑOS Y CONSTRUCCION 
650 7 |b INSTALACIONES DE TUBERIAS 
650 7 |c ABASTECIMIENTO DE AGUA 
650 7 |d INSTALACIONES SANITARIAS 
650 7 |e PREVENCION DE INCENDIOS 
700 1 |a Tutor:  |b Baltodano, Jodé Ángel 
942 |c BK  |2 ddc 
991 |a TESIS 
999 |c 17958